Documentos 1966-2007: Congregación para la Doctrina de la Fe
Guardat en:
| Autor principal: | |
|---|---|
| Format: | Llibre |
| Idioma: | espanyol |
| Publicat: |
Madrid
BAC
2008
|
| Matèries: | |
| Etiquetes: |
Afegir etiqueta
Sense etiquetes, Sigues el primer a etiquetar aquest registre!
|
MARC
| LEADER | 00000nam a2200000 a 4500 | ||
|---|---|---|---|
| 001 | UCH2914 | ||
| 003 | CL-VaPUC | ||
| 008 | 090702e20080000SP |||||||||||||||||spa|d | ||
| 020 | |a 9788479149239 | ||
| 082 | 0 | 4 | |a 262.91 |b VAD |2 21 |
| 100 | 0 | |a Vadillo Romero, Eduardo |e author |9 537985 | |
| 245 | 1 | 0 | |a Documentos 1966-2007: Congregación para la Doctrina de la Fe |
| 300 | |a 870 p | ||
| 942 | |c BK | ||
| 945 | |d 20090702 00:00:00 |a dcastane | ||
| 260 | |a Madrid |b BAC |c 2008 | ||
| 650 | 0 | |a Documentos pontificios |9 255642 | |
| 650 | 7 | |a MAGISTERIO DE LA IGLESIA |2 CL-VaPUC |9 400090 | |
| 650 | 0 | |a Doctrina de la Fe |9 537986 | |
| 583 | |a last modification |c 20090702 00:00:00 |k Rodrigo Vera | ||
| 999 | |c 334575 |d 334573 | ||
| 952 | |0 0 |1 0 |4 0 |6 262_910000000000000_VAD_2008 |7 0 |8 A |9 423683 |a BIBTEO |b BIBTEO |d 2019-11-22 |i 4569105 |o 262.91 VAD 2008 |p 4569105 |r 2025-01-17 |w 2019-11-22 |y BK |k ICR | ||